000 00869nam a22002777a 4500
003 CHAP
005 20220329135103.0
008 971013s1975 r 00010 d
010 _a30720
011 _a31692
035 _a35804
040 _cCHAP
082 _a641.1
_bN3
110 _aNational Feed Ingredients Association. Des Moines, Iowa
_980346
245 _aIngredients handbook for liquid feed supplements
260 _aDes Moines, Iowa,
_c1975
590 _aBATCH-UPD
_b10
_c20130110
_lUCH01
_h1148
590 _aBATCH-UPD
_b10
_c20130410
_lUCH01
_h0733
590 _aBATCH-UPD
_b10
_c20130914
_lUCH01
_h0130
590 _aCONVERSION
_b10
_c20130109
_lUCH01
_h1317
650 1 4 _aAlimentos
_xAnĂ¡lisis.
_94164
650 1 4 _aAlimentos
_xIndustria.
_94227
901 _aBK
942 _cLIBRO
949 _a641.1 N3
_bBC
_cLIBRO
_d33724000645800
_eLIBRO
_h58813
_i35804
_si
999 _c30720
_d30720